|
|
|
|
| LEADER |
00000nam a2200000 a 4500 |
| 001 |
vtls001103025 |
| 003 |
SK-MaSNL |
| 005 |
20260301062521.0 |
| 008 |
250313s1981 xo j 000 0 slo |
| 015 |
|
|
|a SNBA1981/10
|
| 035 |
|
|
|a SNK000045867
|
| 035 |
|
|
|a urn:nbn:sk:snk-am3hfxr
|
| 035 |
|
|
|a B4337CEF-556B-45E1-B682-470A9A88ED7A
|
| 035 |
|
|
|a urn:nbn:sk:snk-am00cyxv
|
| 040 |
|
|
|a SNK
|b slo
|c SNK
|e AACR2
|
| 041 |
0 |
|
|a slo
|
| 044 |
|
|
|a xo
|c SK
|
| 080 |
|
|
|a 17.021.1(087.5)
|2 1981
|
| 080 |
|
|
|a 885.4-96(087.5)
|2 1981
|
| 080 |
|
|
|a 395
|2 2011
|
| 080 |
|
|
|a 82-93-053.2/.6
|2 2011
|
| 080 |
|
|
|a (03)82-93-053.4/.6
|2 2011
|
| 100 |
1 |
|
|a Gajdošová, Viera
|4 aut
|9 278686
|
| 245 |
1 |
0 |
|a Malá škola slušnosti
|c Viera Gajdošová ; Ondrej Zimka
|
| 250 |
|
|
|a 2. vyd.
|
| 260 |
|
|
|a Bratislava
|b Mladé letá
|c 1981
|e Košice
|f Východoslovenské tlačiarne
|
| 300 |
|
|
|a 119 s.
|c 15 cm
|
| 366 |
|
|
|e 26000 výt.
|
| 500 |
|
|
|a Rozlož. ilustr. na tit. liste. Ilustr. na predsádkach. Pre čitateľov od 9 rokov.
|
| 521 |
1 |
|
|a Pre čitateľov od 9 rokov.
|
| 650 |
0 |
7 |
|a spoločenské správanie
|2 SNKPH
|9 66940
|
| 650 |
0 |
7 |
|a etiketa
|2 SNKPH
|9 31845
|
| 655 |
|
7 |
|a publikácie pre deti a mládež
|2 SNKPH
|9 70541
|
| 700 |
1 |
|
|a Zimka, Ondrej,
|d 1937-
|4 bkd
|9 103112
|
| 852 |
|
|
|a Slovenská národná knižnica
|
| 958 |
|
|
|a LX
|
| 958 |
|
|
|a DB
|
| 958 |
|
|
|a TL
|
| 958 |
|
|
|a OND
|
| 999 |
|
|
|c 620951
|d 622881
|
| 952 |
|
|
|a SNK
|b SNK
|y VYP
|7 0
|p 17A1024209
|o snkSE 7142 D1
|i snkKSP 8781/81
|0 0
|1 0
|4 0
|d 2015-11-04
|l 0
|r 2026-02-23 16:54:57
|w 2026-02-23
|
| 952 |
|
|
|a SNK
|b SNK
|y PREZ
|7 0
|p 17A0781653
|o snkSE 7142
|i snkKSP 8780/81
|0 0
|1 0
|4 0
|d 2015-11-04
|f 1
|l 0
|r 2026-02-23 16:54:57
|w 2026-02-23
|